The Ipswich Town Quiz - Statistics

General Stats
  • This quiz has been taken 327 times
  • The average score is 29 of 50
Answer Stats
Question Answer % Correct
Where have Ipswich Town played their home matches since 1884? Portman Road
100%
What nickname is commonly given to Ipswich in the media? The Tractor Boys
87%
In which year did Bobby Robson leave Ipswich to take over as manager of the England national team? 1982
85%
Who replaced Paul Cook as manager in December 2021? Kieran McKenna
85%
How many seasons did Ipswich spend in the First Division/Championship (second tier) after relegation from the Premiership in 2002? 17
83%
How many times have Ipswich appeared in the Football League play-offs? Eight
81%
Which former club captain holds the record for the most appearances for Ipswich? Mick Mills
81%
Geographically, which is the closest professional football club to Ipswich Town? Colchester United
80%
Which former defender, considered to be the best player to have played for the club, was honoured with a statue which was unveiled in 2021? Kevin Beattie
79%
From which side was Paul Mariner signed in 1976? Plymouth Argyle
79%
John Wark netted 36 goals from midfield in 1980/81. How many of those did he score in the victorious UEFA Cup campaign? 14
77%
Which sportswear company produced Ipswich's kits from 2014 until 2022? Adidas
76%
How many times have Ipswich reached the semi-final stage of the League Cup? Four
76%
Which former club captain made 396 appearances for Ipswich between 2012 and 2021? Luke Chambers
76%
How many times have Ipswich finished in the top three in the top flight? Six
76%
Who was appointed Ipswich manager in 1955? Alf Ramsey
73%
Who scored 27 goals for Ipswich in the 2014/15 campaign? Daryl Murphy
73%
Which firm sponsored the club's shirts from 1986 until 1995? Fisons
73%
What is the name shared by two notable former Ipswich strikers? David Johnson
68%
Which Kosovo-born Finland international played for Ipswich in the 2000s? Shefki Kuqi
68%
How many points did fifth-placed Ipswich finish behind runners-up Arsenal in the 2000/01 Premiership campaign? Four
67%
In which year did the club turn professional? 1936
64%
Who scored both of Ipswich's goals against Inter Milan in their UEFA Cup tie in the 2001/02 season? Alun Armstrong
64%
How many matches did Ipswich play in the 1980/81 season? 66
63%
Which notable European side did Ipswich beat at home in consecutive seasons in the UEFA Cup and the Cup Winners' Cup? Barcelona
62%
A record home crowd of 38,010 was present for the first of four matches against which side in the quarter-finals of the FA Cup in 1975? Leeds United
61%
Aside from 2010 loanee Gianni Zuiverloon, who is the only player with a surname beginning with Z to have appeared for Ipswich? Romeo Zondervan
59%
What was the score in Ipswich's home match against Crewe Alexandra in January 2004? 6-4
57%
Who hit 13 goals in his début season for the club in 2021/22? Wes Burns
57%
In which year did the club join the Football League? 1938
56%
What was the aggregate scoreline in the victorious 1999/2000 play-off semi-final with Bolton Wanderers? 7-5
56%
Who became the first Soviet international to play in the Football League when he was signed by Ipswich in 1988? Sergei Baltacha
56%
Which senior competition did Ipswich win in the 1972/73 season, winning the two-legged final 4-2 on aggregate? Texaco Cup
54%
Who is the youngest player to score a hat-trick for Ipswich? Dean Bowditch
50%
Alex Mathie scored a hat-trick in a 5-0 home win against Norwich City in 1998. Which player scored the other two? Bobby Petta
46%
Who netted four goals for Ipswich in matches against Lazio (4-0), West Bromwich Albion (7-0) and Landskrona BoIS (5-0) in the 1970s? Trevor Whymark
46%
Who broke Jason Dozzell's record as Ipswich's youngest player in 2009? Connor Wickham
45%
Who scored the only goal of the game to give Ipswich their first-ever win at Anfield in 1995? Adam Tanner
44%
Who replaced goalscorer Roger Osborne as substitute in the 1978 FA Cup final at Wembley? Mick Lambert
42%
How many of the 100 Second Division goals netted in the title-winning season of 1960/61 did record goalscorer Ray Crawford and his Suffolk-born strike partner Ted Phillips score between them? 70
41%
Which manager led Ipswich to the Second Division title in the 1967/68 season? Bill McGarry
41%
Who did Ipswich beat 6-2 for their first-ever top-flight victory in August 1961, going on to finish ahead of them as First Division champions at the very-first attempt? Burnley
39%
Which Maltese side did Ipswich beat 10-0 in the second leg of their 1962/63 European Cup preliminary round tie? Floriana
33%
Who did Ipswich beat 8-1 (9-1 on aggregate) in the UEFA Cup in the 2002/03 season? Avenir Beggen
29%
Which side did Ipswich finish ahead of to win the 1991/92 Second Division title and a place in the inaugural Premier League campaign? Middlesbrough
24%
In which year did the club first enter the FA Cup? 1890
23%
Which club was voted out of the League in favour of Ipswich? Gillingham
18%
Who scored the final goal in front of the old North Stand before it was replaced with the current structure? Martijn Reuser
18%
Initially part of the Wales squad for the 1958 FIFA World Cup, which player won Third Division South (twice), Second Division and First Division championship medals with Ipswich? John Elsworthy
15%
Which forward finished as top goalscorer for Ipswich in four consecutive seasons in the early-to-mid 1950s? Tom Garneys
13%
No matching quizzes found
Score Distribution
Percent of People with Each Score
Percentile by Number Answered
Your Score History
You have not taken this quiz